[Event "FICGS no engines 129 email"]
[Site "FICGS email"]
[Date "2023.07.15"]
[Round "1"]
[White "Szczepanski, Zbigniew"]
[Black "Mesquita Jr, Fausto Monteiro"]
[Result "1-0"]
[WhiteElo "2487"]
[BlackElo "2298"]
[PlyCount "37"]
[EventDate "2023.??.??"]
[EventType "swiss (corr)"]
[EventRounds "1"]
[SourceTitle "Corr 2024"]
[Source "ChessBase"]
[SourceDate "2023.10.19"]
[SourceVersion "1"]
[SourceVersionDate "2023.10.19"]
[SourceQuality "1"]

1. e4 c5 2. Nc3 e6 3. Nge2 d5 4. d4 dxe4 5. Nxe4 cxd4 6. Qxd4 Nc6 7. Qxd8+ Nxd8 8. Bf4 Be7 9. 0-0-0 Nf6 10. N2c3 0-0 11. Nxf6+ Bxf6 12. Bd6 Bxc3 13. Bxf8 Bxb2+ 14. Kxb2 Kxf8 15. Rxd8+ Ke7 16. Rg8 g6 17. Be2 e5 18. Rd1 Bf5 19. Rxa8 1-0

[Event "FICGS class GM 000012 email"]
[Site "FICGS email"]
[Date "2023.04.08"]
[Round "1"]
[White "Bernal Varela, Nelson"]
[Black "Szczepanski, Zbigniew"]
[Result "1/2-1/2"]
[WhiteElo "2490"]
[BlackElo "2489"]
[PlyCount "53"]
[EventDate "2023.??.??"]
[EventType "tourn (corr)"]
[EventRounds "6"]
[EventCategory "11"]
[SourceTitle "Corr 2024"]
[Source "ChessBase"]
[SourceDate "2023.10.19"]
[SourceVersion "1"]
[SourceVersionDate "2023.10.19"]
[SourceQuality "1"]

1. Nf3 d5 2. d4 Nf6 3. c4 e6 4. g3 Bb4+ 5. Bd2 Be7 6. Bg2 0-0 7. 0-0 c6 8. Qc2 b6 9. Nc3 Nbd7 10. cxd5 cxd5 11. Qb3 Bb7 12. Rfc1 Rc8 13. Be1 Ne4 14. e3 h6 15. Qa4 a6 16. Ne2 a5 17. Rxc8 Bxc8 18. Rc1 Ba6 19. Bf1 g5 20. h3 h5 21. Nc3 Bxf1 22. Kxf1 Nd6 23. Ne2 Ne4 24. Nd2 Nd6 25. Nf3 Ne4 26. Nd2 Nd6 27. Nf3 1/2-1/2

[Event "FICGS no engines 125 email"]
[Site "FICGS email"]
[Date "2022.12.31"]
[Round "1"]
[White "Brodie, Peter"]
[Black "Szczepanski, Zbigniew"]
[Result "0-1"]
[WhiteElo "1632"]
[BlackElo "2489"]
[PlyCount "98"]
[EventDate "2022.??.??"]
[EventType "swiss (corr)"]
[EventRounds "1"]
[SourceTitle "Corr 2024"]
[Source "ChessBase"]
[SourceDate "2023.10.19"]
[SourceVersion "1"]
[SourceVersionDate "2023.10.19"]
[SourceQuality "1"]

1. e4 c5 2. c4 Nc6 3. Nc3 g6 4. Nf3 Bg7 5. Be2 d6 6. 0-0 Bg4 7. d3 Bxf3 8. Bxf3 e6 9. Be3 Nge7 10. Qd2 0-0 11. Bh6 Bxh6 12. Qxh6 Nd4 13. Bd1 a6 14. Qe3 b5 15. b3 Nec6 16. a3 Qa5 17. Qc1 bxc4 18. bxc4 Rfb8 19. Ra2 h5 20. Ba4 Nb3 21. Bxb3 Rxb3 22. Ne2 Ne5 23. Qc2 Rxa3 24. Rxa3 Qxa3 25. Rd1 Rb8 26. Nc3 Kg7 27. Nb1 Qb3 28. Qxb3 Rxb3 29. Kf1 Rxd3 30. Rxd3 Nxd3 31. Ke2 Ne5 32. Nd2 g5 33. f3 a5 34. Kd1 Kf6 35. Kc2 a4 36. Kb2 Nd3+ 37. Ka3 Ne1 38. Kxa4 Nxg2 39. Kb5 Ke5 40. Kc6 g4 41. fxg4 hxg4 42. Nb3 f5 43. exf5 exf5 44. Nc1 f4 45. Ne2 f3 46. Ng3 f2 47. Kb5 Ne3 48. Kc6 f1Q 49. Nxf1 Nxf1 0-1

[Event "ST-2022-0-00225"]
[Site "LSS email"]
[Date "2022.12.07"]
[Round "?"]
[White "Koch, Christian"]
[Black "Szczepanski, Zbigniew"]
[Result "1/2-1/2"]
[WhiteElo "2332"]
[BlackElo "2389"]
[PlyCount "41"]
[EventDate "2022.07.29"]
[EventType "tourn (corr)"]
[EventRounds "6"]
[EventCountry "GER"]
[SourceTitle "Corr 2024"]
[Source "ChessBase"]
[SourceDate "2023.10.19"]
[SourceVersion "1"]
[SourceVersionDate "2023.10.19"]
[SourceQuality "1"]

1. e4 e5 2. Nf3 Nc6 3. Bc4 Bc5 4. b4 Bxb4 5. c3 Ba5 6. d4 d6 7. Qb3 Qd7 8. 0-0 Bb6 9. Nbd2 Na5 10. Qc2 exd4 11. cxd4 Ne7 12. a4 0-0 13. Re1 Ng6 14. Qc3 Nxc4 15. Nxc4 c5 16. a5 Bd8 17. Bb2 Bf6 18. h3 cxd4 19. Nxd4 Qc7 20. Ne3 Qxc3 21. Bxc3 1/2-1/2

[Event "ST-2022-0-00223"]
[Site "LSS email"]
[Date "2022.10.27"]
[Round "?"]
[White "Szczepanski, Zbigniew"]
[Black "Bernal Varela, Nelson"]
[Result "1/2-1/2"]
[WhiteElo "2398"]
[BlackElo "2375"]
[PlyCount "65"]
[EventDate "2022.04.24"]
[EventType "tourn (corr)"]
[EventRounds "6"]
[EventCountry "GER"]
[SourceTitle "Corr 2024"]
[Source "ChessBase"]
[SourceDate "2023.10.19"]
[SourceVersion "1"]
[SourceVersionDate "2023.10.19"]
[SourceQuality "1"]

1. d4 e6 2. e4 d5 3. e5 c5 4. c3 Qb6 5. Nf3 Nc6 6. a3 c4 7. Nbd2 Na5 8. Rb1 Bd7 9. h4 0-0-0 10. Be2 Kb8 11. Qc2 Qc7 12. Nf1 f6 13. Bf4 Ka8 14. Qc1 Qc8 15. h5 Be7 16. N1d2 Ba4 17. g3 Re8 18. Kf1 Bd8 19. Kg2 Ne7 20. Bd1 Bxd1 21. Qxd1 Nec6 22. b4 cxb3 23. Nxb3 Nc4 24. Nbd2 Nxd2 25. Qxd2 Na5 26. Qe2 a6 27. Nd2 Qc6 28. Qf3 Rhf8 29. c4 fxe5 30. cxd5 exd5 31. dxe5 Bg5 32. Rhc1 Qe6 33. Rb4 1/2-1/2

[Event "ZH-2022-0-02081"]
[Site "LSS email"]
[Date "2022.09.29"]
[Round "?"]
[White "Szczepanski, Zbigniew"]
[Black "Mislin, Roger"]
[Result "1/2-1/2"]
[WhiteElo "2396"]
[BlackElo "2416"]
[PlyCount "81"]
[EventDate "2022.09.01"]
[EventType "match (corr)"]
[EventRounds "2"]
[EventCountry "GER"]
[SourceTitle "Corr 2024"]
[Source "ChessBase"]
[SourceDate "2023.10.19"]
[SourceVersion "1"]
[SourceVersionDate "2023.10.19"]
[SourceQuality "1"]

1. d4 Nf6 2. c4 g6 3. h4 Bg7 4. Nc3 c5 5. d5 d6 6. e4 a6 7. Be2 e6 8. h5 0-0 9. h6 Bh8 10. Bg5 b5 11. cxb5 Qa5 12. Qd2 axb5 13. Bxf6 Bxf6 14. Bxb5 Bd7 15. Be2 exd5 16. exd5 Re8 17. g3 Bf5 18. Kf1 Na6 19. Kg2 Nc7 20. Nf3 Qb4 21. Bd3 Bg4 22. Rhd1 Bh8 23. Rab1 Kf8 24. a3 Bxf3+ 25. Kxf3 Qb3 26. Be2 Ra4 27. Kg2 Rd4 28. Qc1 Nxd5 29. Re1 Nc7 30. Bf3 Rxe1 31. Qxe1 Qe6 32. Qc1 Qf5 33. a4 Rb4 34. Qd2 Rd4 35. Qe3 Qd3 36. Qe1 Qd2 37. Bc6 Be5 38. Nb5 Nxb5 39. Qxd2 Rxd2 40. axb5 Ke7 41. b4 1/2-1/2

[Event "ST-2022-0-00222"]
[Site "LSS email"]
[Date "2022.09.22"]
[Round "?"]
[White "Rita, Giacomo"]
[Black "Szczepanski, Zbigniew"]
[Result "1/2-1/2"]
[WhiteElo "2433"]
[BlackElo "2397"]
[PlyCount "106"]
[EventDate "2022.04.10"]
[EventType "tourn (corr)"]
[EventRounds "6"]
[EventCountry "GER"]
[SourceTitle "Corr 2024"]
[Source "ChessBase"]
[SourceDate "2023.10.19"]
[SourceVersion "1"]
[SourceVersionDate "2023.10.19"]
[SourceQuality "1"]

1. e4 e5 2. Nf3 Nc6 3. Bb5 Nf6 4. 0-0 Nxe4 5. Re1 Nd6 6. Nxe5 Nxe5 7. Rxe5+ Be7 8. Bf1 0-0 9. d4 Ne8 10. c4 Bf6 11. Re1 d5 12. cxd5 Qxd5 13. Be3 Be6 14. Nc3 Qd7 15. h3 c6 16. Ne4 Bd5 17. Nc5 Qc7 18. Qd2 Rd8 19. Bf4 Qc8 20. Be2 Qa8 21. Bg4 h5 22. Bxh5 b6 23. Ne4 Bxe4 24. Rxe4 Nd6 25. Bxd6 Rxd6 26. Bf3 Rfd8 27. Qc2 Rxd4 28. Rxd4 Bxd4 29. Re1 Qb8 30. Qxc6 Bxb2 31. Bd5 Bf6 32. Bb3 Kf8 33. h4 Qc8 34. Qf3 Qc3 35. Re3 Qc1+ 36. Kh2 Qc7+ 37. g3 Re8 38. Rxe8+ Kxe8 39. Qe4+ Kf8 40. h5 Qd7 41. Kg2 a5 42. Qa8+ Qd8 43. Qc6 Bg5 44. Bd5 Bf6 45. Qb7 Be7 46. Qc6 Bf6 47. Qb7 Be7 48. Bc4 Qd4 49. Qa8+ Bd8 50. Bb3 Qf6 51. Bc2 Qd6 52. Qe4 Qf6 53. Kf1 Be7 1/2-1/2

[Event "FICGS class GM 000011 email"]
[Site "FICGS email"]
[Date "2022.07.17"]
[Round "1"]
[White "Bernal Varela, Nelson"]
[Black "Szczepanski, Zbigniew"]
[Result "1/2-1/2"]
[WhiteElo "2478"]
[BlackElo "2486"]
[PlyCount "58"]
[EventDate "2022.??.??"]
[EventType "tourn (corr)"]
[EventRounds "6"]
[EventCategory "11"]
[SourceTitle "Corr 2024"]
[Source "ChessBase"]
[SourceDate "2023.10.19"]
[SourceVersion "1"]
[SourceVersionDate "2023.10.19"]
[SourceQuality "1"]

1. Nf3 d5 2. d4 Nf6 3. c4 e6 4. Nc3 Bb4 5. Qa4+ Nc6 6. e3 0-0 7. Qc2 Re8 8. Bd2 b6 9. a3 Bf8 10. Bd3 Ba6 11. Ne2 Rc8 12. 0-0 Ne7 13. cxd5 Bxd3 14. Qxd3 Qxd5 15. Qa6 Qa8 16. Rfc1 Nd7 17. Qa4 Red8 18. b4 c5 19. bxc5 bxc5 20. Ba5 Nb6 21. Bxb6 axb6 22. Qxa8 Rxa8 23. dxc5 bxc5 24. Rxc5 Rxa3 25. Rcc1 Rxa1 26. Rxa1 h6 27. g4 g5 28. Ra7 Rd1+ 29. Kg2 Ng6 1/2-1/2

[Event "ST-2022-0-00220"]
[Site "LSS email"]
[Date "2022.05.24"]
[Round "?"]
[White "Kahl, Fred"]
[Black "Szczepanski, Zbigniew"]
[Result "1/2-1/2"]
[WhiteElo "2416"]
[BlackElo "2393"]
[PlyCount "61"]
[EventDate "2022.04.03"]
[EventType "tourn (corr)"]
[EventRounds "6"]
[EventCountry "GER"]
[SourceTitle "Corr 2024"]
[Source "ChessBase"]
[SourceDate "2023.10.19"]
[SourceVersion "1"]
[SourceVersionDate "2023.10.19"]
[SourceQuality "1"]

1. d4 Nf6 2. Nc3 d5 3. Bf4 c5 4. e3 cxd4 5. exd4 a6 6. Nf3 Nc6 7. Ne5 Bd7 8. g4 h6 9. f3 e6 10. Qd2 Rc8 11. 0-0-0 Bb4 12. Nd3 Be7 13. Qf2 Na7 14. Qe3 b5 15. Ne2 b4 16. h4 Ba4 17. Nc5 Bb5 18. Bh3 Nd7 19. g5 Nxc5 20. g6 0-0 21. gxf7+ Rxf7 22. dxc5 Bxc5 23. Nd4 Bd7 24. Bxe6 Bxe6 25. Qxe6 Qb6 26. Qxb6 Bxb6 27. Be5 Nc6 28. Nxc6 Be3+ 29. Kb1 Rxc6 30. Rxd5 Rxf3 31. Rd3 1/2-1/2

[Event "ST-2022-0-00220"]
[Site "LSS email"]
[Date "2022.05.12"]
[Round "?"]
[White "Szczepanski, Zbigniew"]
[Black "Susla, Vitaliy"]
[Result "1/2-1/2"]
[WhiteElo "2393"]
[BlackElo "2332"]
[PlyCount "59"]
[EventDate "2022.04.03"]
[EventType "tourn (corr)"]
[EventRounds "6"]
[EventCountry "GER"]
[SourceTitle "Corr 2024"]
[Source "ChessBase"]
[SourceDate "2023.10.19"]
[SourceVersion "1"]
[SourceVersionDate "2023.10.19"]
[SourceQuality "1"]

1. e4 c5 2. Nc3 d6 3. Nge2 Nf6 4. g3 g6 5. d4 cxd4 6. Nxd4 Nc6 7. a4 Bg7 8. Nde2 0-0 9. Bg2 Rb8 10. 0-0 a6 11. Nd5 b5 12. axb5 axb5 13. Be3 b4 14. Qd2 Nd7 15. Bh6 Bxh6 16. Qxh6 b3 17. c3 Bb7 18. h4 Nce5 19. Nd4 e6 20. Ne3 Nf6 21. f3 Ra8 22. Qg5 Ra2 23. Rxa2 bxa2 24. Ra1 Kg7 25. Nec2 h6 26. Qd2 Nc4 27. Qe2 Qc7 28. Rxa2 e5 29. b3 Na5 30. Nb5 1/2-1/2

[Event "FICGS class GM 000010 email"]
[Site "FICGS email"]
[Date "2022.01.21"]
[Round "1"]
[White "Szczepanski, Zbigniew"]
[Black "Kruse, Herbert"]
[Result "1/2-1/2"]
[WhiteElo "2482"]
[BlackElo "2504"]
[PlyCount "32"]
[EventDate "2022.??.??"]
[EventType "tourn (corr)"]
[EventRounds "6"]
[EventCategory "11"]
[SourceTitle "Corr 2024"]
[Source "ChessBase"]
[SourceDate "2023.10.19"]
[SourceVersion "1"]
[SourceVersionDate "2023.10.19"]
[SourceQuality "1"]

1. Nf3 Nf6 2. c4 c5 3. Nc3 Nc6 4. g3 d5 5. d4 e6 6. cxd5 Nxd5 7. Bg2 cxd4 8. Nxd4 Nxc3 9. bxc3 Nxd4 10. Qxd4 Qxd4 11. cxd4 Bd6 12. a4 Rb8 13. a5 Ke7 14. Be4 Bd7 15. f3 h6 16. Kf2 Rhc8 1/2-1/2

[Event "ST-2022-0-00212"]
[Site "LSS email"]
[Date "2022.01.10"]
[Round "?"]
[White "Enev, Zlatko"]
[Black "Szczepanski, Zbigniew"]
[Result "1/2-1/2"]
[WhiteElo "2383"]
[BlackElo "2397"]
[PlyCount "51"]
[EventDate "2021.12.01"]
[EventType "tourn (corr)"]
[EventRounds "6"]
[EventCountry "GER"]
[SourceTitle "Corr 2024"]
[Source "ChessBase"]
[SourceDate "2023.10.19"]
[SourceVersion "1"]
[SourceVersionDate "2023.10.19"]
[SourceQuality "1"]

1. d4 Nf6 2. c4 e6 3. Nf3 b6 4. g4 Bb7 5. g5 Nh5 6. Nc3 g6 7. Rg1 Bg7 8. e4 0-0 9. Be3 c5 10. Be2 d6 11. Qd2 Nd7 12. d5 exd5 13. exd5 a6 14. Nh4 Bxc3 15. Qxc3 Ng7 16. b3 b5 17. Bf4 Qe7 18. Qe3 Ne5 19. 0-0-0 Rfe8 20. Bxe5 Qxe5 21. Qxe5 Rxe5 22. Bd3 Re7 23. Rde1 Kf8 24. Rxe7 Kxe7 25. Nf3 Rh8 26. Nd2 1/2-1/2

[Event "ST-2022-0-00212"]
[Site "LSS email"]
[Date "2022.01.10"]
[Round "?"]
[White "Szczepanski, Zbigniew"]
[Black "Bernal Varela, Nelson"]
[Result "1/2-1/2"]
[WhiteElo "2397"]
[BlackElo "2402"]
[PlyCount "65"]
[EventDate "2021.12.01"]
[EventType "tourn (corr)"]
[EventRounds "6"]
[EventCountry "GER"]
[SourceTitle "Corr 2024"]
[Source "ChessBase"]
[SourceDate "2023.10.19"]
[SourceVersion "1"]
[SourceVersionDate "2023.10.19"]
[SourceQuality "1"]

1. d4 e6 2. c4 f5 3. g3 Nf6 4. Bg2 d5 5. Nc3 c6 6. Nf3 Bd6 7. Qb3 a5 8. Qc2 0-0 9. c5 Bc7 10. Bf4 Nbd7 11. Na4 Rb8 12. b3 Re8 13. 0-0 e5 14. dxe5 Nxe5 15. Nxe5 Bxe5 16. e3 Ne4 17. f3 Nf6 18. Rae1 Qc7 19. Qd2 h5 20. Rf2 h4 21. Nb2 b6 22. Nd3 Bxf4 23. exf4 Rxe1+ 24. Qxe1 a4 25. Bf1 axb3 26. axb3 bxc5 27. Nxc5 Qd6 28. b4 Nd7 29. Qe8+ Nf8 30. Nd3 Ba6 31. Qe5 Qxe5 32. Nxe5 Bxf1 33. Rxf1 1/2-1/2

[Event "ST-2021-0-00211"]
[Site "LSS email"]
[Date "2021.12.31"]
[Round "?"]
[White "Enev, Zlatko"]
[Black "Szczepanski, Zbigniew"]
[Result "1/2-1/2"]
[WhiteElo "2383"]
[BlackElo "2398"]
[PlyCount "44"]
[EventDate "2021.11.28"]
[EventType "tourn (corr)"]
[EventRounds "6"]
[EventCountry "GER"]
[SourceTitle "Corr 2024"]
[Source "ChessBase"]
[SourceDate "2023.10.19"]
[SourceVersion "1"]
[SourceVersionDate "2023.10.19"]
[SourceQuality "1"]

1. d4 Nf6 2. Nf3 e6 3. c4 b6 4. g3 Ba6 5. Qc2 c5 6. d5 exd5 7. cxd5 Bb7 8. Bg2 Nxd5 9. 0-0 Nc6 10. Rd1 Be7 11. Qa4 Nf6 12. Nh4 0-0 13. Nf5 d5 14. Nc3 Nd4 15. Nxd4 cxd4 16. Rxd4 Bc5 17. Rd3 Qe8 18. Qxe8 Rfxe8 19. Rd1 Bb4 20. Bd2 Bxc3 21. Bxc3 Rxe2 22. Rac1 Rc8 1/2-1/2

[Event "ST-2021-0-00211"]
[Site "LSS email"]
[Date "2021.12.31"]
[Round "?"]
[White "Khorunzhy, Mikhail"]
[Black "Szczepanski, Zbigniew"]
[Result "1/2-1/2"]
[WhiteElo "2377"]
[BlackElo "2398"]
[PlyCount "42"]
[EventDate "2021.11.28"]
[EventType "tourn (corr)"]
[EventRounds "6"]
[EventCountry "GER"]
[SourceTitle "Corr 2024"]
[Source "ChessBase"]
[SourceDate "2023.10.19"]
[SourceVersion "1"]
[SourceVersionDate "2023.10.19"]
[SourceQuality "1"]

1. e4 e5 2. Nf3 Nc6 3. Bb5 Nf6 4. 0-0 Nxe4 5. Re1 Nd6 6. Bf1 f6 7. d4 Nf7 8. dxe5 fxe5 9. Bc4 d6 10. Bxf7+ Kxf7 11. Ng5+ Ke8 12. Nc3 Be7 13. Nd5 Bf5 14. Ne4 a6 15. Ng3 Bg6 16. Be3 Qd7 17. c4 Rf8 18. Qb3 b6 19. f4 Rf7 20. f5 Bxf5 21. Nxf5 Rxf5 1/2-1/2

[Event "ST-2021-0-00209"]
[Site "LSS email"]
[Date "2021.11.30"]
[Round "?"]
[White "Szczepanski, Zbigniew"]
[Black "Bernal Varela, Nelson"]
[Result "1/2-1/2"]
[WhiteElo "2401"]
[BlackElo "2402"]
[PlyCount "61"]
[EventDate "2021.11.21"]
[EventType "tourn (corr)"]
[EventRounds "6"]
[EventCountry "GER"]
[SourceTitle "Corr 2024"]
[Source "ChessBase"]
[SourceDate "2023.10.19"]
[SourceVersion "1"]
[SourceVersionDate "2023.10.19"]
[SourceQuality "1"]

1. d4 e6 2. c4 d5 3. Nf3 c6 4. Qc2 dxc4 5. Qxc4 Nf6 6. g3 b5 7. Qb3 a6 8. Bg2 Bb7 9. Be3 Nbd7 10. a4 Be7 11. 0-0 0-0 12. Nc3 b4 13. Ne5 bxc3 14. Qxb7 Nxe5 15. dxe5 Nd5 16. Bxd5 Rb8 17. Qxa6 cxb2 18. Bxc6 bxa1Q 19. Rxa1 Qc8 20. Qxc8 Rfxc8 21. Bb5 Bc5 22. Bxc5 Rxc5 23. f4 Ra8 24. Rd1 Rc2 25. Kf2 g6 26. Ke3 Ra2 27. Rd2 Ra3+ 28. Rd3 Ra2 29. Rd2 Ra3+ 30. Rd3 Ra2 31. Rd2 1/2-1/2

[Event "ST-2021-0-00207"]
[Site "LSS email"]
[Date "2021.11.21"]
[Round "?"]
[White "Szczepanski, Zbigniew"]
[Black "Sorcinelli, Andrea"]
[Result "1/2-1/2"]
[WhiteElo "2401"]
[BlackElo "2363"]
[PlyCount "65"]
[EventDate "2021.10.30"]
[EventType "tourn (corr)"]
[EventRounds "6"]
[EventCountry "GER"]
[SourceTitle "Corr 2024"]
[Source "ChessBase"]
[SourceDate "2023.10.19"]
[SourceVersion "1"]
[SourceVersionDate "2023.10.19"]
[SourceQuality "1"]

1. d4 Nf6 2. c4 e6 3. Nf3 d5 4. g3 Bb4+ 5. Bd2 Be7 6. Bg2 0-0 7. 0-0 c6 8. Qc2 b6 9. Bf4 Bb7 10. Rd1 Nbd7 11. Ne5 Nh5 12. Bd2 Nhf6 13. cxd5 cxd5 14. Nc6 Bxc6 15. Qxc6 Rc8 16. Qb5 Ne8 17. e3 Nd6 18. Qe2 Nf6 19. Be1 Qd7 20. a4 Rc7 21. f3 Nc4 22. Nc3 Rfc8 23. e4 a6 24. e5 Ne8 25. Bf1 g6 26. b3 Na3 27. Qb2 b5 28. axb5 axb5 29. Rac1 b4 30. Na2 Rc2 31. Rxc2 Rxc2 32. Qa1 Qb7 33. Bd3 1/2-1/2

[Event "ST-2021-0-00207"]
[Site "LSS email"]
[Date "2021.11.21"]
[Round "?"]
[White "Willmann, Bernd"]
[Black "Szczepanski, Zbigniew"]
[Result "1/2-1/2"]
[WhiteElo "2370"]
[BlackElo "2401"]
[PlyCount "52"]
[EventDate "2021.10.30"]
[EventType "tourn (corr)"]
[EventRounds "6"]
[EventCountry "GER"]
[SourceTitle "Corr 2024"]
[Source "ChessBase"]
[SourceDate "2023.10.19"]
[SourceVersion "1"]
[SourceVersionDate "2023.10.19"]
[SourceQuality "1"]

1. e4 e5 2. Nf3 Nc6 3. Bb5 Nf6 4. 0-0 Nxe4 5. Re1 Nd6 6. Nxe5 Nxe5 7. Rxe5+ Be7 8. Bf1 0-0 9. Nc3 Ne8 10. Nd5 Bd6 11. Re1 c6 12. Ne3 Be7 13. c4 Bf6 14. d4 d5 15. cxd5 cxd5 16. Bd2 a5 17. g3 g6 18. Bc3 Bg7 19. Qb3 Nc7 20. Bg2 a4 21. Qb6 Ra6 22. Qc5 Be6 23. Bf1 Rc6 24. Qa3 Qa8 25. Bb4 Re8 26. Rad1 h5 1/2-1/2